| 000 | 01219cam a22002054a 4500 | ||
|---|---|---|---|
| 005 | 20250605163921.0 | ||
| 008 | 250528s ||||||||||||||||||||||||d | ||
| 035 | _a14391 | ||
| 020 | _a394353986 | ||
| 040 |
_aGR-AtMCL _bgre _dGR-AtMCL _eAACR2 |
||
| 245 | 1 | _aThe Macroeconomy Today / Third Edition | |
| 250 | _a3rd | ||
| 260 |
_bRandom House, _c1983 |
||
| 300 | _a538 | ||
| 520 | _aPreface, Basics, An Overview, Using Graphs, Supply and Demand, The Public Sector, National-Income Accounting, Problems, The Business Cycle: Supply-Demand Imbalances, Unemployment, Inflation, Policy Options: The Keynesian Approach, Aggregate Spending, Potential Instability, Fiscal Policy, The Structural Deficit, Policy Options: Monetary Approaches, Money and Banks, The Federal Reserve System, Monetary Policy, Policy Options: The Supply-Side Approach, Supply-Side Policies, Current Policies, Theory and Reality, Reagan Economics, External Shocks, Long-Term Growth: Sources and Limits, International Economics and Comparative Systems, International Trade, International Finance, International Development, Socialist Planning, Glossary, Index. | ||
| 700 | 1 |
_aSchiller R. Bradley _96 |
|
| 942 | _cBK | ||
| 999 |
_c25 _d25 |
||